00369 a2200109 4500001001000000005001700010008004100027245010200068100002700170773004500197999001700242ART_3304720260410161926.0260409a 10aDesarrollo y aplicación de normas de gobierno corporativo en el mercado de capitales argentinos1 aPiazza, Melina Soledad0 tLecturasg- Nº 14 (ene. 2010)wREV19328 c28180d28180